Pedro Menéndez de Avilés (1519-1574) (Record no. 73755)

MARC details
000 -LEADER
campo de control de longitud fija 00786nam a2200193 i 4500
001 - NÚMERO DE CONTROL
campo de control 73755
003 - IDENTIFICADOR DE NÚMERO DE CONTROL
campo de control ES-MaACL
005 - FECHA Y HORA DE LA ÚLTIMA TRANSACCIÓN
campo de control 20230906171920.0
008 - DATOS DE LONGITUD FIJA--INFORMACIÓN GENERAL
campo de control de longitud fija 040910s1974 sp f |||| |bspa d
100 0# - ENTRADA PRINCIPAL--NOMBRE DE PERSONA
Nombre de persona Gómez-Tabanera, José Manuel,
Fechas asociadas al nombre 1926-2011
9 (RLIN) 58165
245 10 - MENCIÓN DEL TÍTULO
Título Pedro Menéndez de Avilés (1519-1574)
Resto del título : al margen de un centenario, leyenda negra y razón de estado en la Florida hispánica /
Mención de responsabilidad, etc. José Manuel Gómez-Tabanera.
260 ## - PUBLICACIÓN, DISTRIBUCIÓN, ETC.
Lugar de publicación, distribución, etc. [Oviedo] :
Nombre del editor, distribuidor, etc. Instituto de Estudios Asturianos,
Fecha de publicación, distribución, etc. [1974]
300 ## - DESCRIPCIÓN FÍSICA
Extensión 73 p., 8 lám. ;
Dimensiones 25 cm.
595 ## -
-- Separata de: Boletín del Instituto de Estudios Asturianos, n. 83.
600 14 - PUNTO DE ACCESO ADICIONAL DE MATERIA--NOMBRE DE PERSONA
Nombre de persona Menéndez de Avilés, Pedro.
9 (RLIN) 80298
710 2# - ENTRADA AGREGADA--NOMBRE DE ENTIDAD CORPORATIVA
Nombre de entidad corporativa o nombre de jurisdicción como elemento de entrada Instituto de Estudios Asturianos.
9 (RLIN) 4889
852 ## - LOCALIZACIÓN
Ubicación ES-MaACL
Número de control de estantería E-7226
Holdings
Estatus retirado Estado de pérdida Estado de daño No para préstamo Biblioteca de origen Biblioteca actual Ubicación en estantería Fecha de adquisición Fuente de adquisición Total de préstamos Signatura topográfica completa Código de barras Visto por última vez Precio de reemplazo Tipo de ítem Koha
        Biblioteca del Ateneo de Madrid Biblioteca del Ateneo de Madrid Depósito 2 17/01/2008     E-7226 1077203 23/02/2023 23/02/2023 Libro impreso